| 000 | 00938cam a2200265 4500 | ||
|---|---|---|---|
| 001 | 1243033 | ||
| 005 | 20210219163848.0 | ||
| 008 | 721116s1973 nyua b 001 0 eng | ||
| 010 | _a 72011824 | ||
| 020 | _a0070653771 | ||
| 040 |
_aDLC _cDLC _dDLC |
||
| 050 | 0 | 0 |
_aTA775 _b.T78 1973 |
| 082 | 0 | 0 |
_a624.15 _bTSC |
| 100 | 1 |
_aTschebotarioff, Gregory Porphyriewitch, _d1899- _935726 |
|
| 245 | 1 | 0 |
_aFoundations: retaining and earth structures; _bthe art of design and construction and its scientific basis in soil mechanics _c[by] Gregory P. Tschebotarioff. |
| 250 | _a2d ed. | ||
| 260 |
_aNew York, _bMcGraw-Hill _c[1973] |
||
| 300 |
_axxix, 642 p. _billus. _c23 cm. |
||
| 500 | _aFirst ed. published in 1951 under title: Soil mechanics, foundations, and earth structures. | ||
| 504 | _aBibliography: p. 608-626. | ||
| 650 | 0 |
_aFoundations. _9892 |
|
| 650 | 0 | _aSoil mechanics. | |
| 650 | 0 |
_aEarthwork. _919708 |
|
| 942 |
_2ddc _cBK |
||
| 999 |
_c541283 _d541283 |
||